The Penguin dictionary of proverbs /

Gespeichert in:
Bibliographische Detailangaben
1. Verfasser: Fergusson, Rosalind
Format: Sách giấy
Sprache:English
Veröffentlicht: : , 1991
Tags: Tag hinzufügen
Keine Tags, Fügen Sie den ersten Tag hinzu!
Thư viện lưu trữ: Thư viện Trường Đại học Đà Lạt
LEADER 00561nam a2200253 4500
001 DLU020016676
005 ##12/7/2000
020 # # |a 978- 
041 # # |a eng 
082 # # |a 398.93  |b FE-R 
100 # # |a Fergusson, Rosalind 
245 # # |a The Penguin dictionary of proverbs /  |c Rosalind Fergusson 
260 # # |a  :  |b ,  |c 1991 
300 # # |a 332 tr.;   |c 20 cm. 
992 # # |a 38000 
994 # # |a DLU 
998 # # |a TK 
900 # # |a False 
911 # # |a Administrator 
925 # # |a G 
926 # # |a A 
927 # # |a SH 
980 # # |a Thư viện Trường Đại học Đà Lạt